The Chinese way to wealth and prosperity : (Record no. 71550)

MARC details
000 -LEADER
fixed length control field 01146nam a22003017a 4500
005 - DATE AND TIME OF LATEST TRANSACTION
control field 2012112105395.0
008 - FIXED-LENGTH DATA ELEMENTS--GENERAL INFORMATION
fixed length control field 121121t xxu||||| |||| 00| 0 eng d
010 ## - LCCN (DPL NO)
LC control number ENG-106185
020 ## - INTERNATIONAL STANDARD BOOK NUMBER
International Standard Book Number 9781259061073
Terms of availability 325.00
020 ## - INTERNATIONAL STANDARD BOOK NUMBER
International Standard Book Number 1259061078
Terms of availability 325.00
035 ## - SYSTEM CONTROL NUMBER
System control number EN-89718
037 ## - SOURCE OF ACQUISITION
Source of stock number/acquisition DBAD/PUB
040 ## - CATALOGING SOURCE
Original cataloging agency DPL
Language of cataloging Eng
082 00 - DEWEY DECIMAL CLASSIFICATION NUMBER
Classification number 332.024
Edition number 23
100 1# - MAIN ENTRY--PERSONAL NAME
Personal name Lee, Michael Justin
9 (RLIN) 53697
245 14 - TITLE STATEMENT
Title The Chinese way to wealth and prosperity :
Remainder of title 8 timeless strategies for achieving financial success /
Statement of responsibility, etc by Michael Justin Lee
260 ## - PUBLICATION, DISTRIBUTION, ETC. (IMPRINT)
Place of publication, distribution, etc New Delhi
Name of publisher, distributor, etc Tata McGraw-Hill
Date of publication, distribution, etc c2012
270 ## - ADDRESS
Address 7 West Patel Nagar
City New Delhi
Postal code 110008
300 ## - PHYSICAL DESCRIPTION
Extent x,207p.
Dimensions 20cm(pbk)
500 ## - GENERAL NOTE
General note Includes index.
650 #0 - SUBJECT ADDED ENTRY--TOPICAL TERM
Topical term or geographic name as entry element Finance, Personal.
9 (RLIN) 53698
650 #0 - SUBJECT ADDED ENTRY--TOPICAL TERM
Topical term or geographic name as entry element Wealth.
9 (RLIN) 53699
650 #0 - SUBJECT ADDED ENTRY--TOPICAL TERM
Topical term or geographic name as entry element Wealth
Geographic subdivision China.
9 (RLIN) 53700
650 #0 - SUBJECT ADDED ENTRY--TOPICAL TERM
Topical term or geographic name as entry element Philosophy, Chinese.
9 (RLIN) 53701
942 ## - ADDED ENTRY ELEMENTS (KOHA)
Source of classification or shelving scheme Dewey Decimal Classification
Item type English Books
Classification part 332.024
Call number suffix LEE
Holdings
Withdrawn status Lost status Source of classification or shelving scheme Damaged status Not for loan Collection code Home library Current library Date acquired Source of acquisition Cost, normal purchase price Total Checkouts Full call number Barcode Date last seen Copy number Cost, replacement price Koha item type
    Dewey Decimal Classification   Not For Loan Non-fiction D.B.Act.Division D.B.Act.Division 21/11/2012 DBAD/PUB 325.00   332.024 LEE EN-89718 21/11/2012 1 325.00 English Books

© Delhi Public Library
Hit Counter
free hit counter